| 000 | 01659nam a2200229Ia 4500 | ||
|---|---|---|---|
| 003 | Ost | ||
| 005 | 20260507075717.0 | ||
| 008 | 260507s9999||||xx |||||||||||||| ||und|| | ||
| 020 | _a9789931248446 | ||
| 040 | _cfsecg | ||
| 041 | _aara | ||
| 082 | _a330 | ||
| 100 |
_aمهديد، فاطمة الزهراء _eمؤلف |
||
| 245 | 0 |
_aالنظريات الاقتصادية للمنشأة / _c فاطمة الزهراء مهديد |
|
| 260 |
_aالجزائر: _bدار الباحث للطباعة والنشر والتوزيع, _c2023 |
||
| 300 |
_a169 صفحة؛ _bإيضاحات ؛ _c24 سم |
||
| 504 | _aمراجع ص.152 | ||
| 520 | _aيهدف هذا الكتاب إلى تسليط الضوء على موضوع النظريات الإقتصادية الحديثة بشكله الشامل، وعلى النظريات الإقتصادية للمنشأة في تنظيم وتسيير منظمات الأعمال، لتحقيق حالة من النجاح والتفوق والانتشار والتي تؤدي بالظرورة إلى تعزيز قدراتها التنافسية وحصد الحصة السوقية المنشودة والاستمرار بقوة. مما يدل على أهمية موضوع نظرية المنشأ على المستويين النظري والتطبيقي. ولكي نبرز أهمية الموضوع نحاول الوقوف على أهم تلك النظريات وعلى أهم روادها مرورا بأهم المشاكل التي عالجتها النظريات والتي تصب في مصلحة المنشآت. | ||
| 653 | _aالإقتصاد | ||
| 653 | _aالنظريات الإقتصادية | ||
| 942 | _cكتاب | ||
| 999 |
_c45925 _d45925 |
||